Catálogo
 En Linea

La Renovación Pedagógica en España, 1907-1936 : (Registro nro. 41483)

Detalles MARC
000 -CABECERA
campo de control de longitud fija 01018nam a2200217 a 4500
001 - NÚMERO DE CONTROL
campo de control 000041994
005 - FECHA Y HORA DE LA ÚLTIMA TRANSACCIÓN
campo de control 20201002035855.0
008 - DATOS DE LONGITUD FIJA--INFORMACIÓN GENERAL
campo de control de longitud fija 131029s1990 sp c 001 0 spa d
020 ## - NÚMERO INTERNACIONAL ESTÁNDAR DEL LIBRO
Número Internacional Estándar del Libro 840007016X
040 ## - FUENTE DE LA CATALOGACIÓN
Centro catalogador/agencia de origen DO-SdBNP
Lengua de catalogación spa
Centro/agencia transcriptor BNPHU
100 1# - ENTRADA PRINCIPAL--NOMBRE DE PERSONA
Nombre de persona Marín Eced, Teresa
9 (RLIN) 68935
245 13 - MENCIÓN DE TÍTULO
Título La Renovación Pedagógica en España, 1907-1936 :
Resto del título los pensionados en pedagogía por la Junta para Ampliación de Estudios /
Mención de responsabilidad, etc. Teresa Marín Eced.
260 ## - PUBLICACIÓN, DISTRIBUCIÓN, ETC.
Lugar de publicación, distribución, etc. Madrid :
Nombre del editor, distribuidor, etc. Consejo Superior de Investigaciones Científicas,
Fecha de publicación, distribución, etc. 1990.
300 ## - DESCRIPCIÓN FÍSICA
Extensión XXXIX, 408 p. :
Otras características físicas il., retrs ;
Dimensiones 23 cm.
490 1# - MENCIÓN DE SERIE
Mención de serie Estudios sobre la ciencia ;
Designación de volumen o secuencia 11
500 ## - NOTA GENERAL
Nota general Incluye índice
500 ## - NOTA GENERAL
Nota general Editado con la ayuda de la Secretaría de Estado de Educación del MEC, dentro del programa de "Carlos III y la Ilustración (1789-1989)"
504 ## - NOTA DE BIBLIOGRAFÍA, ETC.
Nota de bibliografía, etc. Incluye referencias bibliográficas y notas al pie de las páginas
710 2# - PUNTO DE ACCESO ADICIONAL--NOMBRE DE ENTIDAD CORPORATIVA
Nombre de entidad corporativa o nombre de jurisdicción como elemento de entrada Consejo Superior de Investigaciones Científicas (España)
9 (RLIN) 15178
830 #0 - PUNTO DE ACCESO ADICIONAL DE SERIE-TÍTULO UNIFORME
Título uniforme Estudios sobre la ciencia
Designación de volumen o secuencia 11
9 (RLIN) 38739
Existencias
Estado de retiro Estado de pérdida Restricciones de uso No para préstamo Código de colección Localización permanente Ubicación/localización actual Ubicación en estantería Fecha de adquisición Número de inventario Total de préstamos Signatura topográfica completa Código de barras Fecha visto por última vez Precio válido a partir de Tipo de ítem Koha
      Excluido de préstamo Monografías: Libros y Folletos General General En catalogación 29.10.2013 LF1   41994-10 25.06.2020 25.06.2020 No se presta

Con tecnología Koha